Die 85 beliebtesten ♂ ♀ Vornamen in Griechenland - Statistiken

Allgemein
  • Dieses Quiz wurde 51 mal gespielt
  • Das Durchschnittsergebnis liegt bei 13 aus 87
Antwortstatistiken
♀ / ♂ Name % Korrekt
Mädchen - - > ⤵️
93%
Jungen - - > ⤵️
93%
M5 Maria
76%
A4 Anna
56%
G8 Georgios
47%
E5 Eleni
38%
C8 Christos
36%
D9 Dimitrios
36%
E5 Elena
36%
A10 Alexandros
33%
D7 Dimitra
33%
H6 Helena
33%
K12 Konstantinos
33%
A9 Alexandra
31%
C9 Christina
31%
I7 Ioannis
31%
A9 Anastasia
27%
G7 Georgia
27%
J6 Jannis
24%
N8 Nikolaos
24%
S5 Sofia
22%
A9 Achilleas
20%
A7 Andreas
18%
A9 Athanasia
18%
D6 Daphne
18%
E6 Eirini
18%
I6 Ioanna
18%
M6 Marios
18%
E10 Eleftheria
16%
I5 Ilias
16%
A6 Athina
13%
X5 Xenia
13%
A4 Ares
11%
A7 Artemis
11%
A6 Athena
11%
P6 Platon
11%
V8 Vasiliki
11%
A7 Angelos
9%
A8 Antonios
9%
K9 Kassandra
9%
N4 Niki
9%
O8 Odysseus
9%
O4 Olga
9%
S8 Sokrates
9%
A10 Aikaterini
7%
A8 Antigone
7%
A9 Apostolos
7%
A7 Ariadne
7%
H6 Hestia
7%
I8 Iassonas
7%
N4 Nike
7%
O7 Olympia
7%
P8 Philipos
7%
S9 Stavroula
7%
T9 Theodoros
7%
A8 Angeliki
4%
D5 Danae
4%
K7 Krateos
4%
L6 Loukas
4%
M5 Medea
4%
M8 Menelaos
4%
M7 Michail
4%
P9 Paraskevi
4%
T6 Thalia
4%
V9 Vasileios
4%
A7 Alkmene
2%
A9 Artemisia
2%
D10 Demostenes
2%
E7 Efgenia
2%
E5 Egeas
2%
E5 Estia
2%
E8 Euphoria
2%
E8 Eurydike
2%
E9 Evangelia
2%
I8 Ifigenia
2%
I6 Ikaros
2%
I6 Iljios
2%
I6 Ismene
2%
L6 Lisias
2%
N7 Nephele
2%
N5 Niobe
2%
S8 Styliani
2%
T8 Thisseas
2%
A7 Amphion
0%
E8 Eftychia
0%
L6 Lysias
0%
Y7 Yeoryia
0%
Keine übereinstimmenden Quizze gefunden
Verteilung der Resultate
Anzahl Personen mit jedem Resultat
Perzentil nach korrekt beantworteten Fragen
Ihre Resultats-Entwicklung
Sie haben dieses Quiz noch nicht gespielt